000 01204nab a22002537a 4500
999 _c5591
_d5591
003 OSt
005 20251219123517.0
008 190429b xxu||||| |||| 00| 0 spa d
040 _cPJ
100 _96570
_aCasorla Yalet, Roberto
245 1 3 _aEl art. 84 bis. Un estudio técnico y filosófico /
_cRoberto Casorla Yalet.
260 _cCiudad Autónoma de Buenos Aires :
_aThomson Reuters La Ley,
_b2025.
300 _ap. 91-98
500 _aCita: AR/DOC/1351/2025.
505 _aSumario: I. Introducción.— II. Hechos probados.— III. Análisis de los fundamentos jurídicos.— IV. La naturaleza culposa y el alcance normativo del art. 84 bis del Cód. Penal.— V. Conclusión.
505 _aFallo comentado: TOral Crim.Correc. Nro. 2 ~ 28/11/2024 ~ Causa N.º 7691.
505 _tSi te interesa el texto completo, solicitalo a koha@justierradelfuego.gov.ar
650 0 _9343
_aDERECHO PENAL
650 0 _93128
_aDELITO CULPOSO
650 0 _92943
_aHOMICIDIO CULPOSO
650 0 _94053
_aIMPUTABILIDAD
773 0 _02658
_93164
_tRevista de derecho penal y criminología. Nº 6 - Julio 2025
_dCiudad Autónoma de Buenos Aires : Thomson Reuters La Ley, 2017-
_x00347914
942 _2udc
_cANA